Nové výzvy v oblasti verejných financií 2024 zborník vedeckých statí
Gespeichert in:
| Körperschaft: | |
|---|---|
| Weitere Verfasser: | , , , , , , |
| Format: | Buch |
| Sprache: | Slowakisch Englisch |
| Veröffentlicht: |
Bratislava
Vydavateľstvo EKONÓM
2024
|
| Ausgabe: | 1. vydanie |
| Schlagworte: | |
| Tags: |
Keine Tags, Fügen Sie das erste Tag hinzu!
|
MARC
| LEADER | 00000nlm a2200000 4500 | ||
|---|---|---|---|
| 001 | 0305960 | ||
| 005 | 20250109104441.4 | ||
| 020 | |a 978-80-225-5187-8 | ||
| 041 | 0 | |a slo | |
| 041 | 0 | |a eng | |
| 044 | |a SK | ||
| 245 | 1 | 0 | |a Nové výzvy v oblasti verejných financií 2024 |b zborník vedeckých statí |c zostavovateľ zborníka: Jana Kušnírová ; recenzenti: Marwan al Absi, Tatiana Tökölyová, Elena Roková ... [et al.] |
| 250 | |a 1. vydanie | ||
| 264 | 1 | |a Bratislava |b Vydavateľstvo EKONÓM |c 2024 | |
| 300 | |a CD-ROM [136 s.] [6 AH] | ||
| 610 | 2 | 0 | |a financie verejné |
| 610 | 2 | 0 | |a politika daňová |
| 610 | 2 | 0 | |a mikroekonomika |
| 610 | 2 | 0 | |a makroekonomika |
| 610 | 2 | 0 | |a bankovníctvo |
| 610 | 2 | 0 | |a platformy digitálne |
| 610 | 2 | 0 | |a podnik malý |
| 610 | 2 | 0 | |a podnik stredný |
| 700 | 1 | |a Kušnírová, Jana, 1977- | |
| 700 | 1 | |a al Absi, Marwan | |
| 700 | 1 | |a Tökölyová, Tatiana | |
| 700 | 1 | |a Roková, Elena | |
| 700 | 1 | |a Korytárová, Zuzana | |
| 700 | 1 | |a Belanová, Katarína, 1978- | |
| 700 | 1 | |a Boór, Matej, 1988- | |
| 710 | 2 | |a Národohospodárska fakulta EU. Katedra financií | |